000 00537nam a22001697a 4500
999 _c41776
_d41776
003 OSt
005 20221109105918.0
008 221109b ||||| |||| 00| 0 eng d
020 _a9788181523686
040 _coclc
082 _a576
_bSHA/P
100 1 _99278
_aSharma, Sanjay Kumar
_c(Assistant professor of botany)
245 _aPlant Breeding, Biostatistics and Biotechnology /
_cSanjay kumar sharma.
260 _aJaipur:
_bBook enclave
_c2015.
300 _a293 p
942 _2ddc
_cBK
_h576
_iSHA/P
_k576
_mSHA/P